Statistics for JetPunk Badges Quiz

Click here to take the quiz!

General Stats

  • This quiz has been taken 68 times
    (43 since last reset)
  • The average score is 4 of 12

Answer Stats

Number of Users Answer % Correct
25,736196
73%
1,148French
56%
4,483USA
54%
1,663British
49%
230History
44%
830Border
34%
1,364Scientist
29%
3,483World Capitals
20%
2,596Math Wizard
20%
2,485Population
17%
925Movie Maven
15%
1,263Random Geography
12%

Score Distribution

Percentile by Number Answered

Percent of People with Each Score

Your Score History

You have not taken this quiz since the last reset